Statistics for FNAF animatronics

Click here to take the quiz!

General Stats

  • This quiz has been taken 316 times
  • The average score is 30 of 50

Answer Stats

Game/bookAnimatronic% Correct
FNAF 1Freddy
99%
bonnie
97%
chica
97%
foxy
97%
Golden freddy
94%
toy bonnie
93%
toy chica
93%
Toy freddy
93%
mangle
91%
FNAF 2Withered freddy
86%
withered bonnie
85%
puppet
84%
withered chica
84%
withered foxy
84%
balloon boy
83%
FNAF 3Springtrap
80%
nightmare
74%
phantom freddy
73%
phantom chica
68%
withered golden freddy
68%
shadow bonnie
67%
FNAF 4Nightmare freddy
66%
shadow freddy
66%
nightmare bonnie
65%
phantom foxy
65%
nightmare foxy
64%
nightmare chica
62%
phantom balloon boy
58%
jj
57%
nightmare fredbear
54%
phantom puppet
54%
FNAF sister locationBaby
51%
funtime freddy
49%
Ballora
48%
funtime foxy
47%
nightmare mangle
43%
nightmare balloon boy
41%
plushtrap
40%
ennard
38%
Bonbon
36%
Lolbit
31%
nightmare puppet
28%
bidybab
26%
Bonnet
26%
Yenndo
23%
Electrobab
17%
nightmare cupcake
12%
Minireena 1
4%
Minireena 2
4%
mini freddys
1%

Score Distribution

Percentile by Number Answered

Percent of People with Each Score

Your Score History

You have not taken this quiz